000 01346nam a2200337 a 4500
999 _c130101
_d130101
001 3050371
003 ARRUPE
005 20191203095043.0
008 951124s1994 rh a bs f000 0 eng
010 _a 95981837
040 _aDLC
_cDLC
041 0 _aengndesho
042 _alcode
043 _af-rh---
050 0 0 _aHD1333.Z56
_bR425 1994
110 1 _aZimbabwe.
_bCommission of Inquiry into Appropriate Agricultural Land Tenure Systems.
_948863
245 1 0 _aReport of the Commission of Inquiry into Appropriate Agricultural Land Tenure Systems /
_cunder the chairmanship of Mandivamba Rukuni.
_bMandivamba Rukuni (ch)
260 _aHarare :
_bThe Commission,
_c[1994]
300 _a2 v. :
_bill. ;
_c30 cm.
500 _a"October 1994."
500 _a"15 November 1994"--Vol. 1, t.p. verso.
500 _a"To His Excellency the President of the Republic of Zimbabwe."
504 _aIncludes bibliographical references.
505 0 _av. 1. Main report -- v. 2. Technical reports -- v. 3. Methods, procedures, itinerary, and appendices.
650 0 _aLand tenure
_zZimbabwe.
_911112
650 0 _aFarm tenancy
_zZimbabwe.
_948864
700 1 _aRukuni, Mandivamba.
_917135
906 _a7
_bcbc
_corigode
_d2
_encip
_f19
_gy-gencatlg
942 _2lcc
_cMONOGRAPH